• 首页
  • 本馆介绍
  • 公告通知
  • 最新文献
  • 馆藏检索
  • 电子资源
  • 读者导购
  • 参考咨询
  • 我的图书馆
  • 登录
  • 详细信息显示
  • 放入我的书架
  • 预约/预借图书
  • 作者相关作品
  • 分类相关作品
  • 丛书相关作品
  • 出版社相关作品

书目信息

  • 表格格式
  • 工作单格式
  • 卡片格式
题名:
古韵标准
    
 
作者: 江永 撰
分册:  
出版信息: 北京   中华书局  1982
页数: 82页
开本: 25cm
丛书名: 音韵学丛书
单 册:
中图分类: H11
科图分类:
主题词: 汉语-音韵学--古代 , 音韵学-汉语--古代
电子资源:
ISBN:
000 00694nam2 2200277 45
001 0182002017
005 20040421170424.4
010    @dCNY1.15
100    @a19950526d1982 emky0chiy0121 ea
101 0  @achi
102    @aCN@b110000
105    @ay z 000yy
106    @ar
200 10 @a古韵标准@Agu yun biao zhun@f(清)江永撰
205    @b影印本
210    @a北京@c中华书局@d1982
215    @a82页@d25cm
225 2  @a音韵学丛书
410  0 @120010@a音韵学丛书
606    @a汉语-音韵学@z古代
606    @a音韵学-汉语@z古代
690    @aH11@v3
701  0 @a江永@Ajiang yong@4撰
801  0 @aCN@b上海图书馆@c20040421
801  2 @aCN@bNLC@c20040421
905    @f2@b95426-427@dH11@e10
    
    古韵标准/(清)江永撰.-影印本.-北京:中华书局,1982
    82页;25cm.-(音韵学丛书)
    
    
    ISBN :CNY1.15
    
●
相关链接 在E读中查询图书 在五车中查询图书 在当当中查询图书 在豆瓣中查询图书


正题名:古韵标准     索取号:H11/10         预约/预借

序号 登录号 条形码 馆藏地/架位号 状态 备注
1 0095426   000830649   第四借阅区/ [索取号:H11/10] 在馆    
2 0095427   000830603   第四借阅区/ [索取号:H11/10] 在馆    
3 0095428   000830596   第二样本阅览室/ [索取号:H11/10] 在馆    
唐山师范学院图书馆 欢迎您!
大连网信软件有限公司© 版权所有